Statistics for X-Men Quizzes 12: Magneto

Click here to take the quiz!

General Stats

  • This quiz has been taken 20 times
  • The average score is 10 of 15

Answer Stats

HintAnswer% Correct
What does he wear that blocks telepaths?Helmet
95%
What can he control due to his powers?Metal
95%
Which speedster X-Man is his son?Quicksilver / Pietro Maximoff
95%
What genocide event did he survive in his youth, scarring him for life?Holocaust
89%
Then who portrayed him in 2011?Michael Fassbender
89%
Who is his best friend?Professor X / Charles Xavier
89%
In X-Men '97, what team does he lead?X-Men
84%
What supervillain team does he originally form?The Brotherhood
79%
Who portrayed him in 2000?Ian McKellen
74%
What is his middle name?Magnus
53%
What asteroid did he make a save haven for mutants?Asteroid M
47%
What is his real name (originally)Erik Lehnsherr
42%
What was revealed to be his true name?Max Eisenhardt
32%
In which comic book did Magneto stand trial for his crimes?Uncanny X-Men #200
16%
What is his Polish alter-ego in X-Men: Apocalypse?Henryk Górska
11%

Score Distribution

Percentile by Number Answered

Percent of People with Each Score

Your Score History

You have not taken this quiz